00990nam a2200253Ia 4500003000400000005001700004008004100021020002600062040001700088082002000105100001600125245005000141250001100191260003100202300001700233440001000250650002400260650002600284942000900310952014200319952013000461952013000591999001500721IIN20240201155214.0231217s9999 xx 000 0 und d cRs.550.00a8185605009 aIINbEnglish a610.730693bNAN1 aNancy, S.R.1 aPrinciples and Practice of NursingcS.R.Nancy a7th ed bN.R.BrothersaIndorec2017 a[10],1-456p. vVol.11 aFoundationvNursing1 aNursing, Practice of  cBOOK 001040708Purches BookaIINbIINd2023-12-17g550.00l1o610.730693 NANp1287r2024-03-19 16:51:58s2024-03-18tVol.1w2023-12-17yBOOK 001040708Purches BookaIINbIINd2023-12-17g550.00l0o610.730693 NANp1288r2023-12-17 21:32:35tVol.1w2023-12-17yBOOK 001040708Purches BookaIINbIINd2023-12-17g550.00l0o610.730693 NANp1289r2023-12-17 21:32:35tVol.1w2023-12-17yBOOK c1293d1293